LEADER 01100nam--2200397---450- 001 990001439480203316 005 20050126113054.0 035 $a000143948 035 $aUSA01000143948 035 $a(ALEPH)000143948USA01 035 $a000143948 100 $a20040219d1979----km-y0itay0103----ba 101 0 $aita 102 $aIT 105 $aa|||||||001yy 200 1 $aBasta morire di eroina$fdi Enzo Catania 210 $aPadova$cMastrogiacomo-Images, 70$d1979 215 $a143 p.$cill.$d20 cm 225 2 $aIn diretta$v1 410 0$12001$aIn diretta$v1 454 1$12001 461 1$1001-------$12001 606 0 $aTossicomania 606 0 $aEroina 676 $a178.8 700 1$aCATANIA,$bEnzo$035179 801 0$aIT$bsalbc$gISBD 912 $a990001439480203316 951 $aII.5. 724(Varie coll.417/1)$b87569 l.M.$cVarie coll. 959 $aBK 969 $aUMA 979 $aSIAV3$b10$c20040219$lUSA01$h1435 979 $aPATRY$b90$c20040406$lUSA01$h1741 979 $aCOPAT3$b90$c20050126$lUSA01$h1130 996 $aBasta morire di eroina$9935793 997 $aUNISA LEADER 00833nam a2200253 i 4500 001 991002309849707536 005 20020503163927.0 008 010315s1950 it ||| | ita 035 $ab10346259-39ule_inst 035 $aEXGIL101763$9ExL 040 $aBiblioteca Interfacoltà$bita 082 0 $a232.9 100 1 $aTullio, Giovanni$0192718 245 10$aCristo e la storia /$cGiovanni Tullio 260 $aRoma :$bFerrari,$c1950 300 $a281 p. ;$c22 cm. 650 4$aGesù Cristo 907 $a.b10346259$b02-04-14$c27-06-02 912 $a991002309849707536 945 $aLE002 232.9 TUL 945 $aLE002 Fil. I H 16$g1$i2002000401946$lle002$o-$pE0.00$q-$rl$s- $t0$u1$v2$w1$x0$y.i10406360$z27-06-02 996 $aCristo e la storia$9205066 997 $aUNISALENTO 998 $ale002$b01-01-01$cm$da $e-$fita$git $h0$i1 LEADER 01353nas 2200481-a 450 001 996212726403316 005 20240113213019.0 011 $a1751-0147 024 8 $aeb719068 035 $a(DE-599)ZDB2240171-4 035 $a(OCoLC)60623320 035 $a(CKB)954925454933 035 $a(CONSER)--2007227681 035 $a(EXLCZ)99954925454933 100 $a20050614a19599999 s-- a 101 0 $aeng 135 $aurunu|||||||| 181 $ctxt$2rdacontent 182 $cc$2rdamedia 183 $acr$2rdacarrier 200 00$aActa veterinaria scandinavica 210 $a[London] $cBioMed Central 300 $aRefereed/Peer-reviewed 311 $a0044-605X 531 $aACT VET SC 531 $aACTA VET SCAND 531 $aACTA VET. SCAND 531 0 $aActa vet. Scand. 606 $aVeterinary medicine$vPeriodicals 606 $aVeterinary Medicine 606 $aVeterinary Medicine$2ebps 606 $aVeterinary medicine$2fast$3(OCoLC)fst01165977 606 $aDiergeneeskunde$2gtt 608 $aPeriodicals.$2fast 615 0$aVeterinary medicine 615 2$aVeterinary Medicine. 615 7$aVeterinary Medicine. 615 7$aVeterinary medicine. 615 17$aDiergeneeskunde. 906 $aJOURNAL 912 $a996212726403316 996 $aActa veterinaria Scandinavica$91936713 997 $aUNISA